<?xml version="1.0" encoding="UTF-8"?>
<record
    xmlns:xsi="http://www.w3.org/2001/XMLSchema-instance"
    xsi:schemaLocation="http://www.loc.gov/MARC21/slim http://www.loc.gov/standards/marcxml/schema/MARC21slim.xsd"
    xmlns="http://www.loc.gov/MARC21/slim">

  <leader>01225cam a2200325 i 4500</leader>
  <datafield tag="999" ind1=" " ind2=" ">
    <subfield code="c">6635</subfield>
    <subfield code="d">6635</subfield>
  </datafield>
  <controlfield tag="003">OSt</controlfield>
  <controlfield tag="005">20200304100425.0</controlfield>
  <controlfield tag="008">171009t20142014ck ao  gr     000 0 spa d</controlfield>
  <datafield tag="020" ind1=" " ind2=" ">
    <subfield code="a">9789584642240</subfield>
  </datafield>
  <datafield tag="040" ind1=" " ind2=" ">
    <subfield code="a">CO-BoBLA</subfield>
    <subfield code="c">CO-JMCR</subfield>
  </datafield>
  <datafield tag="082" ind1="0" ind2="4">
    <subfield code="a">R 796.334</subfield>
    <subfield code="b">P716e</subfield>
  </datafield>
  <datafield tag="100" ind1="1" ind2=" ">
    <subfield code="a">Plata G&#xF3;mez, Carlos Alberto, </subfield>
    <subfield code="e">autor</subfield>
    <subfield code="e">editor</subfield>
    <subfield code="9">1120</subfield>
  </datafield>
  <datafield tag="245" ind1="1" ind2="0">
    <subfield code="a">Este bal&#xF3;n tiene una historia : </subfield>
    <subfield code="b">la f&#xED;sica y la qu&#xED;mica del penalti / </subfield>
    <subfield code="c">Carlos Alberto Plata G&#xF3;mez ; ilustraciones Arturo Rozo C. [y otros once]</subfield>
  </datafield>
  <datafield tag="250" ind1=" " ind2=" ">
    <subfield code="a">Primera edici&#xF3;n.</subfield>
  </datafield>
  <datafield tag="264" ind1=" " ind2="1">
    <subfield code="a">Bogot&#xE1;</subfield>
    <subfield code="b">[editor no identificado]</subfield>
    <subfield code="c">2014.</subfield>
  </datafield>
  <datafield tag="300" ind1=" " ind2=" ">
    <subfield code="a">209 p&#xE1;ginas : </subfield>
    <subfield code="b">Ilustraciones a color ; </subfield>
    <subfield code="c">36 cm.</subfield>
  </datafield>
  <datafield tag="336" ind1=" " ind2=" ">
    <subfield code="a">texto</subfield>
    <subfield code="b">txt</subfield>
    <subfield code="2">rdacontent</subfield>
  </datafield>
  <datafield tag="337" ind1=" " ind2=" ">
    <subfield code="a">sin mediaci&#xF3;n</subfield>
    <subfield code="b">n</subfield>
    <subfield code="2">rdamedia</subfield>
  </datafield>
  <datafield tag="338" ind1=" " ind2=" ">
    <subfield code="a">volumen</subfield>
    <subfield code="b">nc</subfield>
    <subfield code="2">rdacarrier</subfield>
  </datafield>
  <datafield tag="500" ind1=" " ind2=" ">
    <subfield code="a">Incluye datos biogr&#xE1;ficos del autor en pagina legal.</subfield>
  </datafield>
  <datafield tag="504" ind1=" " ind2=" ">
    <subfield code="a">Incluye referencias bibliogr&#xE1;ficas (p&#xE1;gina 209).</subfield>
  </datafield>
  <datafield tag="650" ind1="1" ind2="4">
    <subfield code="a">F&#xFA;tbol</subfield>
    <subfield code="9">1121</subfield>
  </datafield>
  <datafield tag="650" ind1="2" ind2="4">
    <subfield code="a">F&#xFA;tbol</subfield>
    <subfield code="x">Aspectos sociales</subfield>
    <subfield code="9">1122</subfield>
  </datafield>
  <datafield tag="650" ind1="2" ind2="4">
    <subfield code="a">F&#xFA;tbol</subfield>
    <subfield code="v">Dibujos</subfield>
    <subfield code="9">1123</subfield>
  </datafield>
  <datafield tag="650" ind1="2" ind2="4">
    <subfield code="a">F&#xFA;tbol</subfield>
    <subfield code="x">Aspectos culturales</subfield>
    <subfield code="9">1124</subfield>
  </datafield>
  <datafield tag="650" ind1="2" ind2="4">
    <subfield code="a">F&#xFA;tbol</subfield>
    <subfield code="v">An&#xE9;cdotas</subfield>
    <subfield code="9">1125</subfield>
  </datafield>
  <datafield tag="650" ind1="2" ind2="4">
    <subfield code="a">F&#xFA;tbol</subfield>
    <subfield code="x">T&#xE1;cticas</subfield>
    <subfield code="9">1126</subfield>
  </datafield>
  <datafield tag="700" ind1="1" ind2=" ">
    <subfield code="a">Rozo C., Arturo</subfield>
    <subfield code="e">ilustrador</subfield>
    <subfield code="9">1127</subfield>
  </datafield>
  <datafield tag="942" ind1=" " ind2=" ">
    <subfield code="2">ddc</subfield>
    <subfield code="c">BK</subfield>
  </datafield>
  <datafield tag="952" ind1=" " ind2=" ">
    <subfield code="0">0</subfield>
    <subfield code="1">0</subfield>
    <subfield code="2">ddc</subfield>
    <subfield code="4">0</subfield>
    <subfield code="7">0</subfield>
    <subfield code="a">CPL</subfield>
    <subfield code="b">CPL</subfield>
    <subfield code="c">PROC</subfield>
    <subfield code="d">2019-05-27</subfield>
    <subfield code="e">Donaci&#xF3;n</subfield>
    <subfield code="g">0.00</subfield>
    <subfield code="l">0</subfield>
    <subfield code="o">R 796.334 / P716e</subfield>
    <subfield code="p">201809472</subfield>
    <subfield code="r">2020-03-04 00:00:00</subfield>
    <subfield code="t">Ej.1</subfield>
    <subfield code="w">2020-03-04</subfield>
    <subfield code="y">BK</subfield>
  </datafield>
  <datafield tag="952" ind1=" " ind2=" ">
    <subfield code="0">0</subfield>
    <subfield code="1">0</subfield>
    <subfield code="2">ddc</subfield>
    <subfield code="4">0</subfield>
    <subfield code="7">0</subfield>
    <subfield code="a">CPL</subfield>
    <subfield code="b">CPL</subfield>
    <subfield code="c">PROC</subfield>
    <subfield code="d">2019-05-27</subfield>
    <subfield code="e">Donaci&#xF3;n</subfield>
    <subfield code="g">0.00</subfield>
    <subfield code="l">0</subfield>
    <subfield code="o">R 796.334 / P716e</subfield>
    <subfield code="p">201809416</subfield>
    <subfield code="r">2020-03-04 00:00:00</subfield>
    <subfield code="t">Ej.2</subfield>
    <subfield code="w">2020-03-04</subfield>
    <subfield code="y">BK</subfield>
  </datafield>
</record>
